000 00292nam a22001337a 4500
008 180224b xxu||||| |||| 00| 0 eng d
020 _a807341555547
041 _aeng
080 _a232
100 _a24
101 _aTEO
245 _aWhat is Islam All About
_cEmerick, Y
942 _2udc
_cBK
999 _c43370
_d43370